[Event "Eastpointe (US Am N/2/27)"]
[Site "?"]
[Date "1994.??.??"]
[Round "?"]
[White "McNeil, Yaking"]
[Black "Grams, Paul"]
[Result "1-0"]
[WhiteElo "1605"]
[BlackElo "1800"]
[PlyCount "97"]
[EventDate "1994.??.??"]

{2/(27)} 1. e4 e5 2. Nf3 Nc6 3. Bb5 a6 4. Ba4 Nf6 5. d3 Be7 6. Bxc6 bxc6 7.
Nxe5 O-O 8. Bg5 Nxe4 9. Bxe7 Qxe7 10. dxe4 Qxe5 11. Nc3 d5 12. Qe2 d4 13. Nd1
a5 14. f3 Ba6 15. Qd2 f5 16. Nf2 fxe4 17. Nxe4 a4 18. O-O-O Rfd8 19. Qg5 Qe6
20. Kb1 Rd5 21. Qf4 a3 22. b3 c5 23. Rhe1 Qb6 24. Ng5 Rf8 25. Re8 Qf6 26. Qxf6
gxf6 27. Rxf8+ Kxf8 28. Ne6+ Ke7 29. Nxc7 Rd6 30. Re1+ Kd7 31. Nxa6 Rxa6 32.
Kc1 c4 33. Rd1 cxb3 34. Rxd4+ Ke6 35. cxb3 Ke5 36. Ra4 Rc6+ 37. Kd2 Rd6+ 38.
Ke2 Rc6 39. Rxa3 Rc2+ 40. Kf1 Kf4 41. Ra4+ Ke3 42. Re4+ Kd3 43. Re6 Rxa2 44.
Rxf6 Ke3 45. Re6+ Kf4 46. Re4+ Kg5 47. Re2 Ra3 48. Rb2 Ra1+ 49. Kf2 1-0

[Event "Eastpointe (US Am N/5/39)"]
[Site "?"]
[Date "1994.??.??"]
[Round "?"]
[White "McNeil, Yaking"]
[Black "Gentry, Bronson"]
[Result "1-0"]
[WhiteElo "1605"]
[BlackElo "1605"]
[PlyCount "73"]
[EventDate "1994.??.??"]

{5/(39)} 1. e4 e5 2. Nf3 Nc6 3. Bb5 Bc5 4. d3 Nd4 5. Nxe5 Nxb5 6. Qf3 Nf6 7.
Bg5 Nd4 8. Qd1 d6 9. Nf3 Bg4 10. Nbd2 h6 11. Bh4 g5 12. Bg3 Nh5 13. h3 Nxg3 14.
fxg3 Bxf3 15. gxf3 Qf6 16. c3 Nc6 17. Nb3 Qe5 18. g4 Qg3+ 19. Kd2 O-O-O 20. Qe2
Qf4+ 21. Kc2 Bb6 22. Raf1 a5 23. d4 d5 24. Qd2 Qxd2+ 25. Nxd2 dxe4 26. fxe4
Rhf8 27. Rf6 Rd6 28. Rhf1 Rxf6 29. Rxf6 h5 30. Nf3 hxg4 31. hxg4 Nd8 32. Nxg5
Rg8 33. Nxf7 Nxf7 34. Rxf7 Rxg4 35. e5 c5 36. e6 Kd8 37. Rxb7 {[Remainder
illegible; 1-0, 64?]} 1-0

[Event "Detroit (CAO/3/8)"]
[Site "?"]
[Date "1994.??.??"]
[Round "?"]
[White "McNeil, Yaking"]
[Black "Ford, D."]
[Result "1-0"]
[WhiteElo "1605"]
[BlackElo "1605"]
[PlyCount "97"]
[EventDate "1994.??.??"]

{3/(8)} 1. e4 e5 2. Nf3 Nc6 3. Bc4 Nf6 4. d3 h6 5. Nc3 Bc5 6. Qe2 a6 7. Nd5 Na5
8. Nxe5 Nxc4 9. Nxc4 c6 10. Nxf6+ Qxf6 11. Be3 Bxe3 12. Qxe3 b5 13. e5 Qe6 14.
Nd6+ Kf8 15. Qc5 Qe7 16. d4 g6 17. Nxc8 Rxc8 18. Qxe7+ Kxe7 19. Kd2 d6 20. Rae1
c5 21. Re4 cxd4 22. exd6+ Kxd6 23. Rxd4+ Kc5 24. Rd3 Kb6 25. Re1 Rhd8 26. Ree3
f5 27. Re6+ Kb7 28. Rxg6 Rh8 29. Rd7+ Kb8 30. Rxa6 Rc7 31. Rb6+ Kc8 32. Rxc7+
Kxc7 33. Rxb5 Rd8+ 34. Kc1 Re8 35. Rxf5 Re1+ 36. Kd2 Ra1 37. Rh5 Rxa2 38. Rxh6
Rxb2 39. Re6 Rb5 40. h4 Rh5 41. g3 Rf5 42. f4 Rd5+ 43. Ke3 Rc5 44. f5 Rxc2 45.
f6 Rc1 46. Kf4 Rf1+ 47. Kg5 Kd7 48. Re3 Ra1 49. f7 1-0

[Event "Detroit (MOR/2/54)"]
[Site "?"]
[Date "1994.??.??"]
[Round "?"]
[White "McNeil, Yaking"]
[Black "Fleshman, Justin"]
[Result "1-0"]
[WhiteElo "1605"]
[BlackElo "1605"]
[PlyCount "71"]
[EventDate "1994.??.??"]

{2/(54)} 1. e4 e5 2. Nf3 Nc6 3. Bc4 Nf6 4. d3 Bc5 5. O-O O-O 6. Bg5 Nd4 7. Nxd4
Bxd4 8. c3 Bc5 9. d4 Bd6 10. Qf3 b6 11. Bxf6 Qxf6 12. Qxf6 gxf6 13. Nd2 Bb7 14.
Bb3 Kh8 15. f3 exd4 16. cxd4 c5 17. dxc5 Bxc5+ 18. Kh1 Ba6 19. Bc4 Bxc4 20.
Nxc4 Rac8 21. Rfd1 Bb4 22. Rac1 Rfd8 23. a3 Bf8 24. g3 b5 25. Ne3 Bh6 26. f4
Rxc1 27. Rxc1 Re8 28. Nf5 Bf8 29. Re1 b4 30. axb4 Bxb4 31. Ra1 Bc5 32. b4 Bxb4
33. Rxa7 Kg8 34. Rxd7 h5 35. Nh6+ Kf8 36. Rxf7# 1-0

[Event "Eastpointe (MI Action/2/13)"]
[Site "?"]
[Date "1994.??.??"]
[Round "?"]
[White "McNeil, Yaking"]
[Black "Bee, A."]
[Result "1/2-1/2"]
[WhiteElo "1605"]
[BlackElo "1900"]
[PlyCount "83"]
[EventDate "1994.??.??"]

{2/(13)} 1. e4 c6 2. Nf3 d6 3. d4 Bg4 4. Be2 Nf6 5. Nc3 g6 6. h3 Bd7 7. O-O Bg7
8. Bf4 O-O 9. e5 Ne8 10. Ne4 Bf5 11. Bd3 d5 12. Nc3 Bxd3 13. Qxd3 e6 14. Na4
Nd7 15. Rfe1 Qa5 16. Qb3 Rb8 17. Bd2 Qd8 18. Bb4 b5 19. Nc3 c5 20. Bxc5 Nxc5
21. dxc5 Qc7 22. Red1 a6 23. Nxd5 exd5 24. Rxd5 Qe7 25. Rad1 Nc7 26. Rd7 Qxc5
27. Ng5 Qc4 28. Qxc4 bxc4 29. Rxc7 Bxe5 30. Ra7 Rxb2 31. Rxa6 Rfb8 32. Nf3 Rb1
33. Rf1 Bg7 34. Ra4 c3 35. Rc4 R1b2 36. a4 Rxc2 37. Nd4 Bxd4 38. Rxd4 Rd2 39.
Rc4 c2 40. Rc1 Rb1 41. R4xc2 Rxc2 42. Rxb1 1/2-1/2

[Event "Detroit (Class DE/1/20)"]
[Site "?"]
[Date "1994.??.??"]
[Round "?"]
[White "McNeil, Yaking"]
[Black "Aldrich, Justin"]
[Result "1-0"]
[WhiteElo "1605"]
[BlackElo "1605"]
[PlyCount "109"]
[EventDate "1994.??.??"]

{1/(20)} 1. e4 e5 2. Nf3 Nc6 3. Bb5 d6 4. d4 exd4 5. Nxd4 Bd7 6. Bxc6 Bxc6 7.
Nxc6 bxc6 8. Nc3 Nf6 9. Bg5 Be7 10. Qe2 O-O 11. O-O-O Re8 12. Rhe1 h6 13. Bh4
Nh5 14. Bxe7 Rxe7 15. Qxh5 Qe8 16. f3 Re5 17. Qh4 Rg5 18. g3 f6 19. g4 Rb8 20.
Qf2 Rb7 21. h4 Rc5 22. Qe3 Qb8 23. b3 Rb6 24. Na4 Ra6 25. Nxc5 dxc5 26. Qxc5
Rxa2 27. Qxc6 Ra1+ 28. Kb2 Rxd1 29. Rxd1 Qc8 30. Rd7 Qe8 31. Qxc7 Qg6 32. Qxa7
f5 33. Rxg7+ Qxg7+ 34. Qxg7+ Kxg7 35. c4 fxe4 36. fxe4 Kf6 37. Kc3 Ke5 38. Kd3
Kf4 39. g5 hxg5 40. hxg5 Kxg5 41. Kd4 Kf6 42. b4 Ke7 43. b5 Kd6 44. c5+ Kc7 45.
Kd5 Kb7 46. e5 Kc7 47. b6+ Kd7 48. e6+ Kd8 49. Kd6 Kc8 50. e7 Kb7 51. e8=Q Ka6
52. c6 Kxb6 53. Qb8+ Ka5 54. Kc5 Ka4 55. Qb4# 1-0

[Event "Detroit (MOR/6/45)"]
[Site "?"]
[Date "1994.??.??"]
[Round "?"]
[White "McNeil, Yaking"]
[Black "Aldrich, Justin"]
[Result "1-0"]
[WhiteElo "1605"]
[BlackElo "1605"]
[PlyCount "85"]
[EventDate "1994.??.??"]

{6/(45)} 1. e4 e5 2. Nf3 d6 3. Bc4 Nf6 4. d3 Be7 5. Nc3 a6 6. a4 Nc6 7. Be3 O-O
8. Bg5 h6 9. Bh4 Re8 10. Qd2 Bg4 11. Rg1 Qd7 12. h3 Bh5 13. g4 Bg6 14. Bxf6
Bxf6 15. Nd5 Bd8 16. h4 Nd4 17. Nxd4 exd4 18. h5 Bh7 19. g5 Bxg5 20. Rxg5 hxg5
21. Qxg5 Re5 22. Nf6+ Kh8 23. Qxe5 dxe5 24. Nxd7 f6 25. Nc5 Rb8 26. Ra3 Rf8 27.
Ne6 Re8 28. Nxc7 Rc8 29. Nd5 Bg8 30. Ne7 Rd8 31. Nxg8 Rxg8 32. Bxg8 Kxg8 33.
Rb3 b5 34. axb5 axb5 35. Rxb5 Kh7 36. b4 Kg8 37. Rb7 Kf8 38. b5 Ke8 39. Rxg7
Kd8 40. h6 Ke8 41. b6 Kf8 42. b7 f5 43. b8=Q# 1-0

[Event "Detroit (MCO/DEU/5/1)"]
[Site "?"]
[Date "1994.??.??"]
[Round "?"]
[White "McNamara, Ron"]
[Black "Williams, C."]
[Result "1-0"]
[WhiteElo "1605"]
[BlackElo "1605"]
[PlyCount "43"]
[EventDate "1994.??.??"]

{5/(1)} 1. e4 c5 2. Nc3 Nc6 3. Bb5 Nd4 4. Bc4 e6 5. Nf3 Nc6 6. d3 a6 7. a3 g6
8. Bg5 Nce7 9. Qd2 h6 10. Be3 Nc6 11. O-O Bg7 12. Bxc5 Qc7 13. Qe3 Ne5 14. Nxe5
Bxe5 15. d4 Bxh2+ 16. Kh1 Bf4 17. Qf3 h5 18. Ne2 Bh6 19. Qg3 Qd8 20. Qd6 Qh4+
21. Kg1 Bg5 22. Qf8# 1-0

[Event "Gaylord (NMO/3/14)"]
[Site "?"]
[Date "1994.??.??"]
[Round "?"]
[White "McNamara, Ron"]
[Black "Webb, R."]
[Result "1-0"]
[WhiteElo "1605"]
[BlackElo "1605"]
[PlyCount "60"]
[EventDate "1994.??.??"]

{3/(14)} 1. d4 d5 2. e3 Bf5 3. g4 Bg6 4. f4 Be4 5. Nd2 Bxh1 6. c4 e6 7. g5 h6
8. Nh3 Be7 9. Nf2 Be4 10. Ndxe4 dxe4 11. h4 Nd7 12. Nxe4 c6 13. Bd2 hxg5 14.
Qf3 gxh4 15. O-O-O Ngf6 16. Ng5 Nb6 17. c5 Nbd5 18. e4 Nc7 19. Be3 Na6 20. a3
Nh5 21. Bh3 Qa5 22. f5 Bxg5 23. Bxg5 Nc7 24. Bxh4 Qa4 25. Bg4 Nf6 26. Bg3 Nxg4
27. Qxg4 Qc4+ 28. Kb1 O-O-O 29. Qxg7 Qe2 30. Re1 Qh5 $138 1-0

[Event "Gaylord (NMO/4/5)"]
[Site "?"]
[Date "1994.??.??"]
[Round "?"]
[White "McNamara, Ron"]
[Black "Stockton, T."]
[Result "0-1"]
[WhiteElo "1605"]
[BlackElo "1765"]
[PlyCount "30"]
[EventDate "1994.??.??"]

{4/(5)} 1. d4 d5 2. e3 Nf6 3. Bd3 g6 4. c4 c6 5. Nc3 Bg7 6. f3 O-O 7. Nge2 Nbd7
8. e4 e5 9. Be3 Re8 10. Qd2 exd4 11. Nxd4 c5 12. exd5 cxd4 13. Ne4 Nxe4 14.
Bxe4 dxe3 15. Qxe3 f5 0-1

[Event "Detroit (Class DE/5/8)"]
[Site "?"]
[Date "1994.??.??"]
[Round "?"]
[White "McNamara, Ron"]
[Black "Spangler, Richard"]
[Result "1-0"]
[WhiteElo "1605"]
[BlackElo "1605"]
[PlyCount "63"]
[EventDate "1994.??.??"]

{5/(8)} 1. d4 Nf6 2. e3 d5 3. Bd3 e6 4. Nd2 c5 5. c3 c4 6. Bc2 Nc6 7. f4 b5 8.
Ngf3 Ng4 9. Qe2 f5 10. h3 Nf6 11. Ne5 Nxe5 12. fxe5 Ne4 13. Nxe4 dxe4 14. O-O
g6 15. b3 b4 16. Bb2 a5 17. bxc4 bxc3 18. Bxc3 Ba6 19. Bb3 Rc8 20. Ba4+ Kf7 21.
Bb5 Bxb5 22. cxb5 Rxc3 23. Rfc1 Rxc1+ 24. Rxc1 Be7 25. Rc6 Qb8 26. Qc4 Kg7 27.
Rc7 Kh6 28. Rxe7 Rc8 29. Qf1 g5 30. Rxe6+ Kg7 31. Qxf5 Rf8 32. Re7+ 1-0

[Event "Detroit (MCO/DEU/7/2)"]
[Site "?"]
[Date "1994.??.??"]
[Round "?"]
[White "McNamara, Ron"]
[Black "Scales, H."]
[Result "1/2-1/2"]
[WhiteElo "1605"]
[BlackElo "1605"]
[PlyCount "100"]
[EventDate "1994.??.??"]

{7/(2)} 1. e4 e5 2. Nc3 Nc6 3. f4 exf4 4. Nf3 d6 5. d4 g5 6. Bb5 Bd7 7. d5 Ne5
8. Bxd7+ Nxd7 9. Qd4 Qf6 10. Qxf6 Ngxf6 11. Nxg5 Rg8 12. Bxf4 h6 13. Nf3 Rxg2
14. O-O-O Nc5 15. Bg3 O-O-O 16. Nh4 Rxg3 17. hxg3 Nfxe4 18. Nxe4 Nxe4 19. Rhg1
h5 20. Kb1 Bg7 21. Nf5 Be5 22. g4 hxg4 23. Nh6 g3 24. Nxf7 Re8 25. Nxe5 Rxe5
26. Rde1 a5 27. Rc1 b5 28. c3 Kb7 29. Kc2 Kb6 30. Kd3 Nf2+ 31. Kd4 Rg5 32. b4
Rg4+ 33. Ke3 axb4 34. cxb4 Rxb4 35. Rxg3 Ng4+ 36. Kd3 Nf2+ 37. Kc3 Kc5 38. Rg7
Rc4+ 39. Kb2 Rxc1 40. Kxc1 Kxd5 41. Kc2 Kc5 42. Rg3 Ne4 43. Rd3 Kc4 44. a3 b4
45. a4 d5 46. Re3 Nc3 47. a5 Kb5 48. a6 Kxa6 49. Kb3 Kb5 50. Re8 Kc5 {
[Remainder illegible; 1/2-1/2, 72?]} 1/2-1/2

[Event "Romulus (RVO/1/13)"]
[Site "?"]
[Date "1994.??.??"]
[Round "?"]
[White "McNamara, Ron"]
[Black "Levadi, David"]
[Result "0-1"]
[WhiteElo "1605"]
[BlackElo "1945"]
[PlyCount "42"]
[EventDate "1994.??.??"]

{1/(13)} 1. d4 Nf6 2. e3 b6 3. Bd3 Bb7 4. Nf3 g6 5. Nbd2 Bg7 6. c3 O-O 7. Qc2
c5 8. O-O d5 9. Ne5 Nbd7 10. Ndf3 Nxe5 11. Nxe5 Nd7 12. f4 f6 13. Nf3 e5 14.
fxe5 fxe5 15. Qb3 c4 16. Bxc4 dxc4 17. Qxc4+ Kh8 18. Bd2 e4 19. Ne1 Rxf1+ 20.
Kxf1 Qc8 21. Qe2 Ba6 0-1

[Event "Gaylord (NMO/1/19)"]
[Site "?"]
[Date "1994.??.??"]
[Round "?"]
[White "McNamara, Ron"]
[Black "Klein, M."]
[Result "1-0"]
[WhiteElo "1605"]
[BlackElo "1605"]
[PlyCount "81"]
[EventDate "1994.??.??"]

{1/(19)} 1. d4 d5 2. e3 e6 3. Bd3 Nc6 4. Nd2 Bd6 5. f4 Nf6 6. Ngf3 Ne4 7. Nxe4
dxe4 8. Bxe4 Bd7 9. c3 Na5 10. Qd3 Qf6 11. Bd2 b6 12. Bxh7 g6 13. Ng5 O-O-O 14.
Rf1 Qg7 15. Nxf7 Qxf7 16. Bxg6 Qe7 17. e4 Rxh2 18. O-O-O Rxg2 19. e5 Bxe5 20.
fxe5 Nc6 21. Qa6+ Kb8 22. Be4 Rg4 23. Bf3 Rg5 24. Bxg5 Qxg5+ 25. Kb1 Qg3 26. b4
Rf8 27. Rd3 Qg6 28. Kc2 Rg8 29. b5 Rh8 30. Rf2 Qg1 31. Rdd2 Rg8 32. bxc6 Bc8
33. Qf1 Qg6+ 34. Kb2 Qe8 35. Rg2 Qf7 36. Rxg8 Qxg8 37. Rg2 Qd8 38. Be2 Qd5 39.
Qf3 Qa5 40. Rg8 a6 41. Qf8 1-0

[Event "Romulus (RVO/3/22)"]
[Site "?"]
[Date "1994.??.??"]
[Round "?"]
[White "McNamara, Ron"]
[Black "Key_Smith, G."]
[Result "0-1"]
[WhiteElo "1605"]
[BlackElo "1810"]
[PlyCount "72"]
[EventDate "1994.??.??"]

{3/(22)} 1. d4 Nf6 2. e3 g6 3. Bd3 Bg7 4. Nd2 O-O 5. f4 d6 6. Ngf3 Nbd7 7. b3
Ng4 8. Qe2 e5 9. h3 Nh6 10. Bb2 exf4 11. O-O-O fxe3 12. Qxe3 Re8 13. Qf2 Nb6
14. g4 a5 15. a4 Nd5 16. g5 Nf5 17. Bxf5 Bxf5 18. h4 Ne3 19. Rde1 Nxc2 20.
Rxe8+ Qxe8 21. h5 Nb4 22. Qh2 Qc6+ 23. Kd1 Qc2+ 24. Ke1 Re8+ 25. Kf2 Nd3+ 26.
Kg3 Nxb2 27. hxg6 Bxg6 28. Nh4 Bxd4 29. Nxg6 Qxg6 30. Nf3 Bg7 31. Qd2 Nd3 32.
Nh4 Be5+ 33. Kg4 Qe4+ 34. Kh5 Nf4+ 35. Kg4 Ne2+ 36. Kh5 Ng3+ 0-1

[Event "Detroit (Class DE/2/21)"]
[Site "?"]
[Date "1994.??.??"]
[Round "?"]
[White "McNamara, Ron"]
[Black "Kenworthy, Mark"]
[Result "1-0"]
[WhiteElo "1605"]
[BlackElo "1605"]
[PlyCount "71"]
[EventDate "1994.??.??"]

{2/(21)} 1. d4 d5 2. e3 Nf6 3. Bd3 Nc6 4. Nd2 e5 5. c3 e4 6. Bc2 b5 7. f3 exf3
8. Ngxf3 Ng4 9. O-O Nxe3 10. Qe2 Qe7 11. Qxb5 Bd7 12. Re1 a6 13. Qd3 g6 14.
Rxe3 Be6 15. Ba4 Qd6 16. Ne5 Rc8 17. Nxc6 Ra8 18. Nf3 Bh6 19. Rxe6+ Qxe6 20.
Bxh6 Kd7 21. Bg5 Kd6 22. Be7+ Kd7 23. Nd8+ Kxe7 24. Nxe6 fxe6 25. Re1 Rhd8 26.
Ng5 Rd6 27. Nxh7 Rb8 28. b3 Rh8 29. Qxg6 Rxh7 30. Qxh7+ Kd8 31. Qg8+ Ke7 32.
Qe8+ Kf6 33. Rf1+ Kg5 34. Qg8+ Kh5 35. Rf3 Kh6 36. Rh3# 1-0

[Event "Detroit (MCO/DEU/3a/1)"]
[Site "?"]
[Date "1994.??.??"]
[Round "?"]
[White "McNamara, Ron"]
[Black "Jackson, Katrina"]
[Result "1-0"]
[WhiteElo "1605"]
[BlackElo "1605"]
[PlyCount "121"]
[EventDate "1994.??.??"]

1. e4 d5 2. exd5 Qxd5 3. Nc3 Qd8 4. Nf3 Nf6 5. d4 Nc6 6. Bb5 e6 7. O-O Be7 8.
Ne5 Bd7 9. Bg5 O-O 10. Qd3 Be8 11. Rad1 Nb4 12. Qg3 Bxb5 13. Nxb5 Ne4 14. Bxe7
Nxg3 15. Bxd8 Raxd8 16. fxg3 c6 17. Na3 f6 18. c3 Nd5 19. Ng4 f5 20. c4 Nf6 21.
Nxf6+ Rxf6 22. g4 fxg4 23. Rxf6 gxf6 24. Kf2 Kf7 25. Nc2 f5 26. Kg3 Kf6 27. Kf4
b6 28. b4 c5 29. bxc5 bxc5 30. d5 e5+ 31. Ke3 f4+ 32. Ke4 h5 33. Ne1 Rb8 34.
Nd3 Rc8 35. Rb1 h4 36. h3 Re8 37. Rb5 Kg5 38. Rxc5 f3 39. gxf3 g3 40. Ne1 Kf6
41. Rc6+ Kg5 42. Rc5 Kf6 43. Rb5 Rg8 44. c5 g2 45. Nxg2 Rxg2 46. Ra5 Rg3 47.
Ra6+ Kg5 48. d6 Kh5 49. d7 Rg8 50. Re6 Rf8 51. Rxe5+ Kg6 52. c6 a5 53. Re8
Rxe8+ 54. dxe8=Q+ Kf6 55. Qe5+ Kf7 56. Kf5 a4 57. Qe6+ Kg7 58. Qf6+ Kh7 59. c7
a3 60. Qg6+ Kh8 61. c8=R# 1-0

[Event "Detroit (MCO/DEU/1a/3)"]
[Site "?"]
[Date "1994.??.??"]
[Round "?"]
[White "McNamara, Ron"]
[Black "Fuson, R."]
[Result "1-0"]
[WhiteElo "1605"]
[BlackElo "1605"]
[PlyCount "119"]
[EventDate "1994.??.??"]

1. d4 d5 2. e3 Nf6 3. Bd3 e6 4. Nd2 c5 5. c3 c4 6. Bc2 Bd6 7. f4 Nc6 8. Ngf3
Ng4 9. Qe2 f6 10. h3 Nh6 11. Nh4 Qe7 12. g3 Bd7 13. Bg6+ Nf7 14. Ndf3 O-O-O 15.
Bc2 e5 16. Nf5 Bxf5 17. Bxf5+ Kb8 18. Bc2 e4 19. Nh4 g6 20. b3 b5 21. bxc4 bxc4
22. Rb1+ Ka8 23. Ba4 Na5 24. Rb5 Bc7 25. O-O Qe6 26. f5 Qd6 27. g4 Qg3+ 28. Qg2
Qxh4 29. Bd2 Ng5 30. Be1 Nxh3+ 31. Kh1 Nf4+ 32. Bxh4 Nxg2 33. Kxg2 g5 34. Bg3
Bxg3 35. Kxg3 Nb7 36. Rfb1 Rb8 37. Rxd5 a6 38. Bc6 Ka7 39. Rd7 a5 40. Rbxb7+
Rxb7 41. Rxb7+ Ka6 42. Rb2 h5 43. Bxe4 hxg4 44. Bb7+ Ka7 45. Kxg4 a4 46. Bd5 a3
47. Rb4 Rh4+ 48. Kg3 Ka6 49. Bxc4+ Ka5 50. Be6 Rh1 51. d5 Rg1+ 52. Kf2 Rd1 53.
Ke2 Rc1 54. Kd2 Ra1 55. d6 Rh1 56. d7 Rh8 57. Rc4 Rh2+ 58. Kd3 Rxa2 59. d8=Q+
Kb5 60. Rb4+ 1-0

[Event "Eastpointe (MI Action/2/23)"]
[Site "?"]
[Date "1994.??.??"]
[Round "?"]
[White "McMahan, M."]
[Black "Torres, D."]
[Result "1-0"]
[WhiteElo "1605"]
[BlackElo "1605"]
[PlyCount "91"]
[EventDate "1994.??.??"]

{2/(23)} 1. e4 c5 2. Nf3 e5 3. Nc3 Nc6 4. Bc4 Na5 5. Bb3 Nxb3 6. axb3 d6 7. h3
Be7 8. d3 Nf6 9. O-O d5 10. exd5 Nxd5 11. Nxe5 Bf6 12. Nxd5 Bxe5 13. c4 Be6 14.
Re1 Bxd5 15. Rxe5+ Be6 16. Rxc5 O-O 17. Be3 b6 18. Re5 Rc8 19. Rxa7 Ra8 20.
Rxa8 Qxa8 21. Bxb6 Rb8 22. Be3 Qa2 23. Bf4 Qxb2 24. Rxe6 fxe6 25. Bxb8 Qc3 26.
Qe2 Qc1+ 27. Kh2 Kf7 28. d4 Qb1 29. Qf3+ Ke7 30. c5 Qb2 31. Qb7+ Kf6 32. c6
Qxd4 33. c7 Qd6+ 34. g3 Qd2 35. c8=Q Qxf2+ 36. Qg2 Qxg2+ 37. Kxg2 e5 38. Qc6+
Kf5 39. Bxe5 Kxe5 40. Kf3 Kd4 41. Qe4+ Kc3 42. Ke3 Kxb3 43. Kd3 Ka3 44. Kc3 Ka2
45. Qb4 Ka1 46. Qb2# 1-0

[Event "Detroit (Class DE/2/23)"]
[Site "?"]
[Date "1994.??.??"]
[Round "?"]
[White "McMahan, M."]
[Black "Lyons, R."]
[Result "1-0"]
[WhiteElo "1605"]
[BlackElo "1605"]
[PlyCount "67"]
[EventDate "1994.??.??"]

{2/(23)} 1. e4 e5 2. Nf3 Nc6 3. Bc4 Nf6 4. d3 d5 5. Bxd5 Nxd5 6. exd5 Qxd5 7.
Nc3 Qd7 8. Be3 Nd4 9. Nxe5 Qd8 10. O-O Bd6 11. Bxd4 Bxe5 12. Bxe5 Qg5 13. Re1
O-O 14. Qf3 c6 15. h3 Bd7 16. Re2 Rfe8 17. Rae1 f6 18. Bf4 Qg6 19. Ne4 f5 20.
Nd6 Rxe2 21. Rxe2 b5 22. Re7 Be8 23. Nxe8 Rxe8 24. Rxe8+ Qxe8 25. Be3 Qe5 26.
Qxc6 h6 27. Bxa7 Qe1+ 28. Kh2 Qb1 29. Qc8+ Kh7 30. Qxf5+ Kg8 31. Qxb5 Qxa2 32.
Bd4 Qe6 33. Qe5 Qc6 34. Qxg7# 1-0

[Event "Eastpointe (MI Action/4/17)"]
[Site "?"]
[Date "1994.??.??"]
[Round "?"]
[White "McMahan, M."]
[Black "Herron, J."]
[Result "0-1"]
[WhiteElo "1605"]
[BlackElo "1790"]
[PlyCount "48"]
[EventDate "1994.??.??"]

{4/(17)} 1. e4 d6 2. d4 Nf6 3. Nc3 g6 4. Nf3 Bg7 5. Bc4 O-O 6. Be3 Nbd7 7. e5
Ng4 8. h3 Nxe3 9. fxe3 dxe5 10. dxe5 e6 11. Qd4 Qe7 12. O-O-O a6 13. h4 b5 14.
Be2 c5 15. Qf4 Bb7 16. h5 Bxf3 17. Bxf3 Rad8 18. hxg6 fxg6 19. Qh2 Bh8 20. Be4
Nxe5 21. Rxd8 Rxd8 22. Ne2 Qg7 23. Nf4 Ng4 24. Qh4 Qxb2# 0-1

[Event "Detroit (MOR/3/7)"]
[Site "?"]
[Date "1994.??.??"]
[Round "?"]
[White "McGrath, Michael"]
[Black "Walquist, Elaine"]
[Result "0-1"]
[WhiteElo "1750"]
[BlackElo "1605"]
[PlyCount "72"]
[EventDate "1994.??.??"]

{3/(7)} 1. f4 d5 2. b3 Bf5 3. Bb2 e6 4. Nf3 Nf6 5. e3 Be7 6. Ne5 Nbd7 7. g4
Nxe5 8. gxf5 Ned7 9. fxe6 fxe6 10. Nc3 Nf8 11. Qf3 d4 12. exd4 Qxd4 13. O-O-O
O-O-O 14. Bg2 Nd5 15. Nxd5 Qxd5 16. Qh3 Qd6 17. Bxg7 Rg8 18. Be5 Qa3+ 19. Kb1
Bb4 20. Qf3 c6 21. c3 Be7 22. Rhe1 Rd5 23. c4 Ra5 24. Bb2 Qxa2+ 25. Kc2 Ba3 26.
Rb1 Ra6 27. Bh3 Rb6 28. Rxe6 Nd7 29. Qd3 Kb8 30. Qe3 Rg1 31. Re8+ Kc7 32. Rxg1
Qxb2+ 33. Kd1 Rxb3 34. Qe6 Qb1+ 35. Ke2 Qd3+ 36. Kf2 Qf3+ 0-1

[Event "Novi (Oct)"]
[Site "?"]
[Date "1994.??.??"]
[Round "?"]
[White "McGrath, Michael"]
[Black "Swartz, J."]
[Result "1-0"]
[WhiteElo "1830"]
[BlackElo "1605"]
[PlyCount "83"]
[EventDate "1994.??.??"]

1. f4 Nf6 2. b3 g6 3. Bb2 Bg7 4. c4 O-O 5. Nf3 Nc6 6. d4 d5 7. Nbd2 Ng4 8. cxd5
Qxd5 9. e4 Qd8 10. Nc4 b5 11. Nce5 Ncxe5 12. fxe5 Ne3 13. Qe2 Bh6 14. Bc1 Ng4
15. Bxh6 Nxh6 16. Qxb5 c6 17. Qb4 Bg4 18. Bc4 e6 19. Qd2 Bxf3 20. gxf3 Qh4+ 21.
Qf2 Qxf2+ 22. Kxf2 Kg7 23. Rac1 Ng8 24. Ba6 Ne7 25. Bb7 Rad8 26. Ke3 Rd7 27.
Bxc6 Nxc6 28. Rxc6 h5 29. Rhc1 Rfd8 30. R1c4 g5 31. Rc7 Kg6 32. Kd3 Kg7 33. b4
Kf8 34. b5 Ke7 35. a4 Rb8 36. Kc3 Rb7 37. Rxb7 Rxb7 38. Rc6 Kd7 39. d5 Rb6 40.
Kb4 Rxc6 41. bxc6+ Kc7 42. Kb5 1-0

[Event "Ann Arbor (MLS Oct-Nov)"]
[Site "?"]
[Date "1994.??.??"]
[Round "?"]
[White "McGrath, Michael"]
[Black "Smith, Daryn"]
[Result "1-0"]
[WhiteElo "1830"]
[BlackElo "1815"]
[PlyCount "107"]
[EventDate "1994.??.??"]

1. f4 Nf6 2. b3 g6 3. Bb2 Bg7 4. e4 d6 5. Nf3 O-O 6. d3 Nc6 7. Nbd2 Re8 8. Be2
e5 9. fxe5 dxe5 10. Nc4 Nh5 11. Qd2 Nd4 12. O-O-O Nxe2+ 13. Qxe2 c5 14. Kb1 Qc7
15. g3 b5 16. Ne3 Be6 17. Rdf1 h6 18. c4 b4 19. Nd5 Bxd5 20. cxd5 a5 21. Nd2
Nf6 22. Qf2 Re7 23. Rc1 Nd7 24. Rhf1 Rf8 25. Nc4 Qa7 26. g4 a4 27. Rc2 axb3 28.
axb3 f6 29. Bc1 Ra8 30. Ra2 Qxa2+ 31. Qxa2 Rxa2 32. Kxa2 Nb8 33. Be3 Ra7+ 34.
Kb2 Nd7 35. h4 g5 36. Nd6 Bf8 37. Nf5 Ra6 38. Rc1 Kh7 39. Bf2 Ra5 40. Rh1 Kg8
41. Ne3 Nb6 42. hxg5 hxg5 43. Nc4 Nxc4+ 44. bxc4 Ra3 45. Rd1 Bd6 46. Be3 Kg7
47. Bc1 Rc3 48. Kb1 b3 49. Rd2 Kf7 50. Bb2 Rc2 51. Rxc2 bxc2+ 52. Kxc2 Ke7 53.
Kb3 Kd7 54. Ka4 1-0

[Event "Detroit (Class B/2/5)"]
[Site "?"]
[Date "1994.??.??"]
[Round "?"]
[White "McGrath, Michael"]
[Black "Smalec, John"]
[Result "1-0"]
[WhiteElo "1690"]
[BlackElo "1740"]
[PlyCount "89"]
[EventDate "1994.??.??"]

{2/(5)} 1. e4 e6 2. d4 d5 3. Nc3 Nf6 4. e5 Nfd7 5. Nf3 c5 6. Bf4 Nc6 7. Bb5 Qb6
8. O-O cxd4 9. Bxc6 bxc6 10. Nxd4 c5 11. Nf3 Be7 12. Bg5 Bxg5 13. Nxg5 Nxe5 14.
Nxd5 Qc6 15. Re1 Ng6 16. Qf3 Qb7 17. Nxe6 fxe6 18. Rxe6+ Bxe6 19. Nf6+ gxf6 20.
Qxb7 O-O 21. Qc6 Rfe8 22. Qxc5 Bxa2 23. b3 Rac8 24. Qd5+ Kg7 25. Qd7+ Kh6 26.
g3 Bxb3 27. cxb3 Rcd8 28. Qxa7 Re2 29. b4 Rdd2 30. b5 Ne5 31. Ra4 Rb2 32. Rh4+
Kg5 33. f4+ Kf5 34. Qxh7+ Ke6 35. f5+ Kd6 36. Rd4+ Kc5 37. Qa7+ Kxb5 38. Qb7+
Kc5 39. Qd5+ Kb6 40. Qd6+ Kb5 41. Rd5+ Ka4 42. Qa6+ Kb3 43. Rb5+ Kc2 44. Qa4+
Kc3 45. Qa3+ 1-0

[Event "Detroit (MCO/A/2a/9)"]
[Site "?"]
[Date "1994.??.??"]
[Round "?"]
[White "McGrath, Michael"]
[Black "Levadi, David"]
[Result "0-1"]
[WhiteElo "1830"]
[BlackElo "1945"]
[PlyCount "108"]
[EventDate "1994.??.??"]

1. f4 g6 2. Nf3 Bg7 3. g3 c5 4. Bg2 Nc6 5. O-O d6 6. Nc3 e6 7. e4 Nge7 8. d3
O-O 9. Be3 Nd4 10. e5 Nxf3+ 11. Qxf3 Nf5 12. Bf2 Nd4 13. Bxd4 cxd4 14. Ne4 dxe5
15. fxe5 Bxe5 16. Nf6+ Bxf6 17. Qxf6 Qxf6 18. Rxf6 Re8 19. Raf1 Re7 20. c4 a5
21. b3 Kg7 22. g4 h6 23. h4 g5 24. Kh2 a4 25. b4 a3 26. hxg5 hxg5 27. Be4 Ra4
28. b5 Rb4 29. R6f3 Rb2+ 30. R1f2 b6 31. Rg2 Ra7 32. Rff2 Rxf2 33. Rxf2 Ra4 34.
Kg2 Rb4 35. Bf3 f5 36. gxf5 exf5 37. Kg1 Rb2 38. Bd1 f4 39. Kf1 Bh3+ 40. Kg1
Kf6 41. Rc2 Ke5 42. Kf2 Kd6 43. Ke1 Rxc2 44. Bxc2 Bf5 45. Ke2 g4 46. Kf2 g3+
47. Kf3 Ke5 48. Bb1 Bc8 49. Bc2 Bb7+ 50. Ke2 f3+ 51. Kf1 Kf4 52. Bb3 Ke3 53. c5
bxc5 54. Be6 g2+ 0-1

[Event "Detroit (MOR/1a/8)"]
[Site "?"]
[Date "1994.??.??"]
[Round "?"]
[White "McGrath, Michael"]
[Black "Haygood, Norman"]
[Result "1-0"]
[WhiteElo "1750"]
[BlackElo "1605"]
[PlyCount "37"]
[EventDate "1994.??.??"]

1. f4 d6 2. b3 Nf6 3. Bb2 Bf5 4. e3 e6 5. Nf3 Be7 6. Be2 Nbd7 7. O-O O-O 8. Nh4
Bg6 9. f5 exf5 10. Nxf5 Bxf5 11. Rxf5 c6 12. Qe1 Ne4 13. Bd3 Bf6 14. Rxf6 Ndxf6
15. Nc3 Qe7 16. Qh4 Qe5 17. Nxe4 Qxb2 18. Nxf6+ Qxf6 19. Qxh7# 1-0